000 01134cab a2200205 4500
001 L129386
008 050414n2005 000 0 eng u
035 _a(Sirsi) u129386
041 _aeng
110 _aRoyal Institution of Chartered Surveyors
_94900
245 _aRICS Tenant Satisfaction Index: Tune in to tenants, February 2005
_h[electronic resource]
260 _c2005
520 _aThe first "RICS tenant satisfaction index" shows that better communication by landlords and managing agents would help improve UK business tenants satisfaction levels. The research was carried out by customer satisfaction experts CFI Group and the IPD Occupiers Property Databank. Tenants identified areas of concern including dispute resolution, contract detail and lease flexibility.
590 _aKA
590 _aIKA150405
650 2 4 _aOCCUPIE$ SATISFACTION
690 _aPROPERTY-COMMERCIAL PROPERTY-LEASEHOLD COMMERCIAL PROPERTY-COMMERCIAL LANDLORD AND TENANT-BUSINESS TENANCIES
856 _uhttps://www.rics.org/Global/Downloads/TenantSatisfactionIndex200502.pdf
_zView the item free of charge at www.rics.org...
942 _n0
999 _c75094
_d75094